Health Care Finance: (Record no. 19369)

MARC details
000 -LEADER
fixed length control field 00425nam a22001457a 4500
008 - FIXED-LENGTH DATA ELEMENTS--GENERAL INFORMATION
fixed length control field 220706b |||||||| |||| 00| 0 eng d
020 ## - INTERNATIONAL STANDARD BOOK NUMBER
International Standard Book Number 0834211810
050 ## - LIBRARY OF CONGRESS CALL NUMBER
Classification number RA410.53
Item number .E27 1998
100 ## - MAIN ENTRY--PERSONAL NAME
Personal name Eastaugh, Steven R.
245 ## - TITLE STATEMENT
Title Health Care Finance:
Remainder of title Cost, Productivity, & Strategic Design/
Statement of responsibility, etc. Steven R. Eastaugh
260 ## - PUBLICATION, DISTRIBUTION, ETC. (IMPRINT)
Place of publication, distribution, etc. Maryland
Name of publisher, distributor, etc. Aspen
Date of publication, distribution, etc. 1998
300 ## - PHYSICAL DESCRIPTION
Extent xiii, 257p.
650 ## - SUBJECT ADDED ENTRY--TOPICAL TERM
Topical term or geographic name as entry element Medical care
942 ## - ADDED ENTRY ELEMENTS (KOHA)
Source of classification or shelving scheme Library of Congress Classification
Koha item type General Collection
Holdings
Withdrawn status Lost status Source of classification or shelving scheme Not for loan Home library Current library Date acquired Cost, normal purchase price Total Checkouts Full call number Barcode Date last seen Price effective from Koha item type
    Library of Congress Classification   Kabarak, Main Campus Kabarak, Main Campus 06/07/2022 29817.00   RA410.53 .E27 1998 c.1 031923 06/07/2022 06/07/2022 General Collection
Designed with assistance from East African Informatics Ltd